[Event "Sparkassen-Open A"]
[Site "Heusenstamm, Martinsee"]
[Date "2023.11.24"]
[Round "3.94"]
[White "Prill, Gerhard"]
[Black "Rohatgi, Kushagra"]
[Result "1-0"]
[WhiteElo "1835"]
[BlackElo "1577"]
[PlyCount "81"]
[EventDate "2023.??.??"]
[WhiteTeam "SC Heitersheim"]
[BlackTeam "SAbt TuS Makkabi Ffm"]

1. e4 e5 2. Nf3 Nc6 3. Bc4 Nf6 4. Ng5 d5 5. exd5 Na5 6. d3 h6 7. Nf3 e4 8. Qe2 Qe7 9. dxe4 Nxe4 10. O-O Nf6 11. Re1 Qxe2 12. Rxe2+ Be7 13. Bb5+ Bd7 14. Bxd7+ Kxd7 15. Ne5+ Kc8 16. Bd2 b6 17. Bxa5 bxa5 18. c4 Rf8 19. Nc3 Kb7 20. a3 Bd6 21. Nc6 Ka6 22. b4 Rfe8 23. Rae1 axb4 24. axb4 Kb7 25. Na5+ Ka6 26. Nc6 Kb7 27. c5 Bf8 28. Na5+ Ka6 29. Ra1 Bxc5 30. Nb3+ Kb7 31. Nxc5+ Kc8 32. Rea2 Nd7 33. Kf1 Nxc5 34. bxc5 Rb8 35. Rxa7 Rb7 36. Ra8+ Rb8 37. c6 Re5 38. R1a7 f6 39. Nb5 Rxd5 40. Rxc7+ Kd8 41. Rxb8# 1-0

[Event "Sparkassen-Open A"]
[Site "Heusenstamm, Martinsee"]
[Date "2023.11.24"]
[Round "3.95"]
[White "Rotermund, Verena"]
[Black "Held, Costa"]
[Result "1/2-1/2"]
[WhiteElo "1581"]
[BlackElo "1699"]
[PlyCount "46"]
[EventDate "2023.??.??"]
[WhiteTeam "Vorw.Orient Mainz"]
[BlackTeam "SC Frankfurt-West"]

1. e4 e6 2. d4 d5 3. Nc3 Nf6 4. Bg5 Be7 5. e5 Nfd7 6. h4 a6 7. Qg4 c5 8. Bxe7 Qxe7 9. Qxg7 Qf8 10. Qxf8+ Rxf8 11. f4 b5 12. Nf3 h6 13. g4 f6 14. O-O-O fxe5 15. Nxe5 Rxf4 16. Ne2 Re4 17. g5 Nxe5 18. dxe5 Rxe5 19. g6 Nd7 20. Nf4 Nf6 21. Nd3 Re3 22. Nxc5 Ra7 23. Bh3 Rc7 1/2-1/2

[Event "Sparkassen-Open A"]
[Site "Heusenstamm, Martinsee"]
[Date "2023.11.24"]
[Time "15:30:00"]
[Round "3.96"]
[PlyCount "64"]
[White "Motzer, Marc"]
[Black "Schneider, Till"]
[Result "0-1"]
[WhiteElo "1725"]
[BlackElo "1575"]
[WhiteTeam "SC Bad Dürkheim-Wachenheim"]
[BlackTeam "SC Brett vorm Kopp Ffm"]

1. e4 e6 2. d4 d5 3. e5 Bd7 4. Nf3 a6 5. c3 Bb5 6. Nbd2 Bxf1 7. Nxf1 c5 8. N1d2 Nc6 9. O-O cxd4 10. cxd4 Nge7 11. Nb3 Nf5 12. Bg5 Qb6 13. g4 Nfe7 14. Bh4 h5 15. h3 hxg4 16. hxg4 O-O-O 17. Rc1 Rd7 18. Bg5 Ng6 19. a3 Be7 20. Bd2 Kb8 21. Rc3 Qd8 22. Nc5 Bxc5 23. Rxc5 Nh4 24. Be3 f6 25. Nxh4 Rxh4 26. Qf3 f5 27. Rxc6 Rxg4+ 28. Kh2 Qh8+ 29. Qh3 Rh4 30. Rc8+ Kxc8 31. Rc1+ Kb8 32. Rc8+ Kxc8
0-1

[Event "Sparkassen-Open A"]
[Site "Heusenstamm, Martinsee"]
[Date "2023.11.24"]
[Round "3.97"]
[White "Klein, Deniz"]
[Black "Meyer-Jany, Marcel"]
[Result "1/2-1/2"]
[WhiteElo "1565"]
[BlackElo "1778"]
[PlyCount "63"]
[EventDate "2023.??.??"]
[WhiteTeam "SG Kaiserslautern 1905"]
[BlackTeam "SK Herborn 1946"]

1. c4 c6 2. g3 d5 3. Nf3 Nf6 4. Bg2 dxc4 5. Qc2 g6 6. Na3 Nbd7 7. Nxc4 Bg7 8. O-O O-O 9. d3 Nb6 10. b3 Bg4 11. Bb2 Qc8 12. Rfd1 Bh3 13. Kh1 Nxc4 14. bxc4 Rd8 15. Rab1 Be6 16. Be5 Ne8 17. Bxg7 Nxg7 18. Qb2 Rb8 19. a4 f6 20. Qa3 c5 21. Rb5 b6 22. Rdb1 Bd7 23. R5b3 Bc6 24. a5 Qc7 25. axb6 Rxb6 26. Qxc5 Ne6 27. Qe3 Bxf3 28. Rxb6 Ng5 29. Bxf3 Nxf3 30. Qxf3 axb6 31. Qe3 Rd6 32. Qd2 1/2-1/2

[Event "Sparkassen-Open A"]
[Site "Heusenstamm, Martinsee"]
[Date "2023.11.24"]
[Round "3.98"]
[White "Wahlund, Max"]
[Black "Olson, Philip Christoph"]
[Result "1/2-1/2"]
[WhiteElo "2079"]
[BlackElo "1576"]
[PlyCount "69"]
[EventDate "2023.??.??"]
[WhiteTeam "Europchess Brussels"]
[BlackTeam "SC Bad Nauheim"]

1. e4 c5 2. Nf3 d6 3. Bb5+ Bd7 4. Bxd7+ Nxd7 5. c4 g6 6. Nc3 Bg7 7. O-O Ngf6 8. d4 cxd4 9. Nxd4 O-O 10. Be3 Rc8 11. b3 Nc5 12. f3 a6 13. Rc1 Qd7 14. Qd2 Rc7 15. Rfd1 Rfc8 16. Nde2 b5 17. cxb5 axb5 18. Nf4 Ne6 19. Nfd5 Nxd5 20. Nxd5 Rxc1 21. Rxc1 Rxc1+ 22. Qxc1 Kf8 23. Kf1 Nd4 24. Qd2 Nc6 25. a4 bxa4 26. bxa4 Qb7 27. Qc2 Qa6+ 28. Kf2 Nd4 29. Qc7 Qe2+ 30. Kg3 Be5+ 31. f4 h5 32. Qxe7+ Kg7 33. h3 Qe1+ 34. Kh2 Ne2 35. fxe5 1/2-1/2

[Event "Sparkassen-Open A"]
[Site "Heusenstamm, Martinsee"]
[Date "2023.11.24"]
[Round "3.99"]
[White "Degenhardt, Andreas"]
[Black "Brehme, Ralf-Peter"]
[Result "0-1"]
[WhiteElo "1714"]
[BlackElo "1935"]
[PlyCount "120"]
[EventDate "2023.??.??"]
[WhiteTeam "SC 1970 Lorsch"]
[BlackTeam "Vorw.Orient Mainz"]

1. d4 f5 2. Nc3 Nf6 3. Bg5 e6 4. e4 fxe4 5. Nxe4 Be7 6. Bxf6 Bxf6 7. c3 O-O 8. Nf3 b6 9. Bd3 Bb7 10. Qc2 g6 11. O-O-O Nc6 12. h4 Ne7 13. h5 Bxe4 14. Bxe4 d5 15. Bd3 Qe8 16. Rde1 Qf7 17. Qe2 c5 18. Qxe6 cxd4 19. Qxf7+ Rxf7 20. hxg6 Nxg6 21. Bxg6 hxg6 22. cxd4 Rc8+ 23. Kd2 Rc4 24. Re8+ Kg7 25. b3 Rc6 26. Reh8 g5 27. R8h7+ Kg8 28. Rxf7 Kxf7 29. Rh7+ Ke6 30. Rxa7 g4 31. Ne5 Bxe5 32. dxe5 Kxe5 33. Rg7 Rf6 34. Ke2 Rf4 35. Re7+ Kd6 36. Ke3 Rf6 37. Rg7 Re6+ 38. Kd3 Re4 39. Rf7 b5 40. g3 Ke6 41. Rb7 b4 42. Rb8 Kd6 43. Rd8+ Kc6 44. Rf8 Kd6 45. Rf6+ Ke5 46. Ra6 Rd4+ 47. Kc2 Ke4 48. a4 bxa3 49. Rxa3 Kf3 50. Ra4 Re4 51. Rxe4 dxe4 52. b4 Kxf2 53. b5 e3 54. b6 e2 55. b7 e1=Q 56. b8=Q Qe4+ 57. Kc1 Qe3+ 58. Kd1 Qxg3 59. Qb2+ Kg1 60. Qd4+ Kg2 0-1

[Event "Sparkassen-Open A"]
[Site "Heusenstamm, Martinsee"]
[Date "2023.11.24"]
[Round "3.100"]
[White "Büse, Ralf"]
[Black "Billerbeck, Nick"]
[Result "1/2-1/2"]
[WhiteElo "1898"]
[BlackElo "1659"]
[PlyCount "37"]
[EventDate "2023.??.??"]
[WhiteTeam "SC Ladja Roß?dorf"]
[BlackTeam "SV Unterkochen"]

1. d4 d5 2. Nf3 Nf6 3. g3 Bf5 4. Bg2 e6 5. O-O c6 6. c4 Bd6 7. Nc3 h6 8. Nd2 O-O 9. e4 dxe4 10. Ndxe4 Nxe4 11. Nxe4 Be7 12. Be3 Nd7 13. Qe2 Nf6 14. Nxf6+ Bxf6 15. Rfd1 Qe7 16. f4 Rfd8 17. Rd2 Rd7 18. Rad1 Re8 19. h3 1/2-1/2

[Event "Sparkassen-Open A"]
[Site "Heusenstamm, Martinsee"]
[Date "2023.11.24"]
[Round "3.101"]
[White "Zarriess, Benjamin"]
[Black "Gürtler, Karlheinz"]
[Result "0-1"]
[WhiteElo "1732"]
[BlackElo "1871"]
[PlyCount "112"]
[EventDate "2023.??.??"]
[WhiteTeam "Hamburg"]
[BlackTeam "SC Ober-Ramstadt"]

1. e4 e5 2. Nf3 d6 3. d4 exd4 4. Nxd4 Nf6 5. Bd3 Be7 6. O-O O-O 7. c3 c5 8. Ne2 Nc6 9. Bg5 Nxe4 10. Bxe7 Qxe7 11. Qc2 Nf6 12. Nd2 d5 13. Ng3 g6 14. Rfe1 Qc7 15. h3 Be6 16. Nf3 c4 17. Bf1 Rfe8 18. Ne2 Bf5 19. Qd1 Bd3 20. Ned4 Bxf1 21. Rxf1 Ne5 22. Nxe5 Qxe5 23. Re1 Qxe1+ 24. Qxe1 Rxe1+ 25. Rxe1 Re8 26. Rd1 a6 27. Kf1 Kf8 28. Nc2 Ke7 29. Ne3 Ke6 30. g3 b5 31. f3 Kd6 32. Kf2 Kc5 33. Rd2 a5 34. h4 Rd8 35. Rd4 Ne8 36. Nc2 Nc7 37. Rd2 Ne6 38. Nd4 Nxd4 39. Rxd4 b4 40. Ke3 bxc3 41. bxc3 Rb8 42. Rd2 a4 43. Kf4 f6 44. g4 h6 45. g5 hxg5+ 46. hxg5 fxg5+ 47. Kxg5 a3 48. Rd1 Rb2 49. Ra1 Rg2+ 50. Kf4 d4 51. cxd4+ Kxd4 52. Rd1+ Kc3 53. Ke4 Rxa2 54. Rg1 Re2+ 55. Kf4 a2 56. Kg5 Kb2 0-1

[Event "Sparkassen-Open A"]
[Site "Heusenstamm, Martinsee"]
[Date "2023.11.24"]
[Round "3.102"]
[White "Röß?, Jonas"]
[Black "Kolker, Vladislav"]
[Result "0-1"]
[WhiteElo "1588"]
[BlackElo "1874"]
[PlyCount "88"]
[EventDate "2023.??.??"]
[WhiteTeam "SV Würzburg von 1865 e.V."]
[BlackTeam "SC Bad Nauheim"]

1. e4 e5 2. Nf3 Nc6 3. Bb5 f5 4. Nc3 fxe4 5. Nxe4 Nf6 6. Nxf6+ Qxf6 7. O-O Bc5 8. Bxc6 bxc6 9. Nxe5 O-O 10. d4 Bb6 11. Nf3 d6 12. Qd3 Bg4 13. Ng5 Bf5 14. Qb3+ Kh8 15. Nf3 Bg4 16. Qd3 Bxf3 17. gxf3 Bxd4 18. c3 Be5 19. Kg2 Qh4 20. f4 Bxf4 21. Bxf4 Rxf4 22. f3 Raf8 23. Rf2 Rg4+ 24. Kf1 Qh3+ 25. Ke2 Re8+ 26. Kd2 Rg2 27. Raf1 Qxh2 28. Qd4 c5 29. Rxg2 Qxg2+ 30. Qf2 Qxf2+ 31. Rxf2 g5 32. Kd3 d5 33. f4 Rf8 34. f5 Kg7 35. b4 cxb4 36. cxb4 h5 37. b5 Kf6 38. Kd4 Rd8 39. Rf3 g4 40. Ra3 h4 41. Rxa7 h3 42. Rxc7 h2 43. Rh7 g3 44. Ke3 g2 0-1

[Event "Sparkassen-Open A"]
[Site "Heusenstamm, Martinsee"]
[Date "2023.11.24"]
[Round "3.103"]
[White "Francke, Helmut"]
[Black "Feick, Claas Marten"]
[Result "1-0"]
[WhiteElo "1872"]
[BlackElo "1553"]
[PlyCount "97"]
[EventDate "2023.??.??"]
[WhiteTeam "SC Bad Nauheim"]
[BlackTeam "SF Neuberg"]

1. Nf3 f5 2. d3 Nf6 3. e4 fxe4 4. dxe4 Nxe4 5. Bd3 d5 6. Bxe4 dxe4 7. Qxd8+ Kxd8 8. Ng5 Ke8 9. Nxe4 Bf5 10. Nbc3 e5 11. Be3 Bb4 12. O-O-O Bxc3 13. Nxc3 c6 14. Rhe1 Kf7 15. h3 h5 16. Bg5 Nd7 17. Ne4 Bxe4 18. Rxd7+ Ke6 19. Re7+ Kf5 20. f3 Kxg5 21. Rxe4 Rab8 22. R7xe5+ Kh6 23. Re7 c5 24. Rc7 Rhd8 25. Ree7 Rd5 26. Rxb7 Rbd8 27. b3 Rg5 28. Re2 a5 29. h4 Rg6 30. Rb5 Rd4 31. Rxc5 Rxh4 32. Rd5 a4 33. Kb2 Rb6 34. c3 Rh2 35. b4 h4 36. Rdd2 Ra6 37. Ka3 Rh1 38. Rb2 Rc1 39. Rec2 Rd1 40. b5 Ra7 41. Rb4 g5 42. Rxa4 Rb7 43. Rb4 Rd6 44. Kb3 Kg6 45. a4 Kf6 46. a5 Ke6 47. a6 Rbb6 48. Re2+ Kd7 49. a7 1-0

[Event "Sparkassen-Open A"]
[Site "Heusenstamm, Martinsee"]
[Date "2023.11.24"]
[Round "3.104"]
[White "Vinogradov, Ilia"]
[Black "Stehning, Toni"]
[Result "1/2-1/2"]
[WhiteElo "1609"]
[BlackElo "1666"]
[PlyCount "98"]
[EventDate "2023.??.??"]
[WhiteTeam "SV 1947 Walldorf"]
[BlackTeam "SF Braunfels"]

1. e4 e5 2. Nf3 Nc6 3. Bc4 Nf6 4. d3 Bc5 5. c3 d6 6. Nbd2 O-O 7. O-O Bb6 8. Re1 Ne7 9. Nf1 Ng6 10. Ng3 c6 11. Bb3 Re8 12. d4 Bg4 13. Be3 Nh4 14. Bxf7+ Kxf7 15. Qb3+ Kf8 16. Nxh4 Be6 17. Qc2 Nh5 18. Nhf5 Nxg3 19. fxg3 exd4 20. Bxd4 Bxf5 21. Rf1 Bxd4+ 22. cxd4 Qb6 23. Rxf5+ Kg8 24. Rd1 Rf8 25. g4 g6 26. Rf3 Rae8 27. Qb3+ Qxb3 28. Rxb3 Rf7 29. Re1 Rfe7 30. e5 dxe5 31. dxe5 b6 32. Rbe3 Kf7 33. Kf2 Ke6 34. Kg3 g5 35. Rd3 Rd7 36. Red1 Red8 37. Rxd7 Rxd7 38. Rxd7 Kxd7 39. Kf3 Ke6 40. Ke4 c5 41. a4 a6 42. b3 b5 43. axb5 axb5 44. g3 c4 45. bxc4 bxc4 46. Kd4 c3 47. Kxc3 Kxe5 48. h3 h6 49. h4 Kd5 1/2-1/2

[Event "Sparkassen-Open A"]
[Site "Heusenstamm, Martinsee"]
[Date "2023.11.24"]
[Round "3.105"]
[White "Gräf, Jakob Vincent"]
[Black "Bittner, Peter"]
[Result "1-0"]
[WhiteElo "1691"]
[BlackElo "1852"]
[PlyCount "99"]
[EventDate "2023.??.??"]
[WhiteTeam "SV Frankfurt Nord 1926"]
[BlackTeam "SC 1961 König Nied"]

1. e4 e5 2. Nf3 Nc6 3. Bc4 Be7 4. d3 d6 5. h3 h6 6. Be3 Nf6 7. Nbd2 O-O 8. O-O d5 9. exd5 Nxd5 10. a3 f5 11. Ne4 Kh8 12. Bxd5 Qxd5 13. Nc3 Qf7 14. Qe2 Qg6 15. Kh1 Be6 16. Rad1 a6 17. d4 exd4 18. Bxd4 Rae8 19. Ne5 Nxe5 20. Bxe5 Qf7 21. Rfe1 Bc4 22. Qf3 Bd6 23. Bxd6 Rxe1+ 24. Rxe1 cxd6 25. Qe3 Qc7 26. Qe7 Qxe7 27. Rxe7 Rf7 28. Rxf7 Bxf7 29. f4 Kg8 30. Kg1 Kf8 31. Kf2 Ke7 32. Ke3 Bc4 33. g3 g5 34. Kd4 Bf1 35. h4 gxh4 36. gxh4 Bg2 37. Nd5+ Ke6 38. Ne3 Bf3 39. c4 Kf6 40. b4 Kg6 41. c5 dxc5+ 42. bxc5 Be4 43. Ke5 Bb1 44. Nc4 Kh5 45. Nd6 Kxh4 46. Nxb7 Be4 47. Nd6 Bc6 48. Nxf5+ Kh5 49. Ne7 Bd7 50. c6 1-0

[Event "Sparkassen-Open A"]
[Site "Heusenstamm, Martinsee"]
[Date "2023.11.24"]
[Round "3.106"]
[White "Schmid, Leon"]
[Black "Kretner, Georg-Ulrich"]
[Result "1-0"]
[WhiteElo "1593"]
[BlackElo "1847"]
[PlyCount "79"]
[EventDate "2023.??.??"]
[WhiteTeam "Sfr.Heidesheim"]
[BlackTeam "SC Bad Nauheim"]

1. e4 d6 2. d4 Nf6 3. Nc3 g6 4. g3 Bg7 5. Nge2 Bg4 6. Bg2 c6 7. a4 O-O 8. O-O e5 9. Be3 Qc8 10. Qd2 Bh3 11. Rad1 Bxg2 12. Kxg2 Ng4 13. h3 Nxe3+ 14. Qxe3 Nd7 15. d5 c5 16. g4 Qd8 17. Ng3 a6 18. Rh1 Qh4 19. Nce2 b5 20. axb5 axb5 21. Ng1 Bh6 22. Qe2 Rfb8 23. Nf3 Qe7 24. h4 Bf4 25. h5 Kg7 26. Nh4 Bxg3 27. fxg3 Qg5 28. Rdf1 Nf6 29. Nf3 Qxg4 30. Rh4 Qd7 31. h6+ Kg8 32. Nxe5 dxe5 33. Rxf6 Ra4 34. Qf2 Rd4 35. Rc6 Qe7 36. c3 Rc4 37. Qe3 Ra4 38. d6 Qf6 39. Qxc5 Ra2 40. Rc8+ 1-0

[Event "Sparkassen-Open A"]
[Site "Heusenstamm, Martinsee"]
[Date "2023.11.24"]
[Round "3.107"]
[White "Burlutskaia, Maria"]
[Black "Gruber, Reiner"]
[Result "0-1"]
[WhiteElo "1797"]
[BlackElo "1732"]
[PlyCount "60"]
[EventDate "2023.??.??"]
[WhiteTeam "SG Porz e. V."]
[BlackTeam "SK 1927 Dieburg"]

1. e4 e5 2. Nf3 Nc6 3. Bb5 a6 4. Ba4 b5 5. Bb3 h6 6. d3 Nf6 7. Qe2 Bc5 8. c3 O-O 9. O-O d6 10. Nbd2 Bg4 11. Re1 Nh5 12. Nf1 Qf6 13. Bd5 Bd7 14. g3 Rab8 15. Ne3 Ne7 16. Nh4 Nf4 17. gxf4 Qxh4 18. f5 Bxe3 19. Bxe3 Nxd5 20. exd5 Bxf5 21. Kh1 e4 22. f3 exd3 23. Qd2 Rfe8 24. Rg1 Kh7 25. Rg3 g6 26. Re1 Re7 27. Bf2 Rbe8 28. Rgg1 Qh5 29. Qf4 Re2 30. Bd4 Rxe1 0-1

[Event "Sparkassen-Open A"]
[Site "Heusenstamm, Martinsee"]
[Date "2023.11.24"]
[Round "3.108"]
[White "Leitzig, Reamonn Franky James"]
[Black "Fröhlich-Dill, Astrid"]
[Result "0-1"]
[WhiteElo "1540"]
[BlackElo "1796"]
[PlyCount "72"]
[EventDate "2023.??.??"]
[WhiteTeam "SV 1934 Ffm-Griesheim"]
[BlackTeam "SV 1920 Hofheim"]

1. d4 Nf6 2. c4 e6 3. Nc3 b6 4. e4 Bb4 5. Bd3 Bb7 6. Qe2 O-O 7. Nf3 d5 8. cxd5 exd5 9. e5 Ne4 10. Bd2 Nxd2 11. Qxd2 c5 12. O-O Nc6 13. a3 Ba5 14. Qc2 g6 15. Nb5 c4 16. Be2 Ba6 17. Nd6 b5 18. b3 Bc7 19. bxc4 bxc4 20. Qa4 Na5 21. Rab1 Bb6 22. Rfd1 Bc8 23. Ne1 Bd7 24. Qc2 Bc7 25. Nb7 Nxb7 26. Rxb7 Bb6 27. Qd2 Bc6 28. Rxb6 axb6 29. Qh6 f6 30. Nf3 Qe7 31. Bxc4 dxc4 32. d5 Bxd5 33. Rxd5 Rxa3 34. Qd2 Ra1+ 35. Ne1 Qe6 36. Rd6 Qxe5 0-1

[Event "Sparkassen-Open A"]
[Site "Heusenstamm, Martinsee"]
[Date "2023.11.24"]
[Round "3.109"]
[White "Van Den Hoff, Damian"]
[Black "Füssel, Jan Michael"]
[Result "1-0"]
[WhiteElo "1825"]
[BlackElo "1720"]
[PlyCount "93"]
[EventDate "2023.??.??"]
[WhiteTeam "Rotterdam"]
[BlackTeam "SV Wersten 1964 e. V."]

1. e4 c5 2. Nf3 Nc6 3. c3 d5 4. exd5 Qxd5 5. d4 cxd4 6. cxd4 Bg4 7. Be2 Nf6 8. Nc3 Qa5 9. O-O e6 10. h3 Bh5 11. Qb3 Qb4 12. Qd1 Bd6 13. a3 Qa5 14. Qb3 Rb8 15. Be3 a6 16. Qc4 O-O 17. b4 Qd8 18. Rad1 Rc8 19. Qb3 Ne7 20. Bg5 Nfd5 21. Nxd5 exd5 22. Rfe1 f6 23. Be3 Bb8 24. g3 Nf5 25. Bc1 Bf7 26. Bd3 Nd6 27. Qb1 g6 28. h4 Qd7 29. Kg2 Rfe8 30. h5 Qg4 31. Rh1 Ne4 32. Rh4 Qe6 33. Re1 f5 34. Ng5 Qd7 35. Nxf7 Qxf7 36. hxg6 Qxg6 37. Bf4 Bxf4 38. Rxf4 Rc3 39. Re3 Kh8 40. Bxe4 Rxe3 41. Bxf5 Rxg3+ 42. fxg3 Qh5 43. Bg4 Qh6 44. Qf5 Qc6 45. Bh5 Rc8 46. Qe5+ Kg8 47. Rg4+ 1-0

[Event "Sparkassen-Open A"]
[Site "Heusenstamm, Martinsee"]
[Date "2023.11.24"]
[Round "3.110"]
[White "Stehning, Ralf"]
[Black "Köpke, Carolina"]
[Result "1-0"]
[WhiteElo "1824"]
[BlackElo "1482"]
[PlyCount "83"]
[EventDate "2023.??.??"]
[WhiteTeam "SF Braunfels"]
[BlackTeam "SV Oberursel"]

1. e4 e5 2. Bc4 Nf6 3. d4 exd4 4. Nf3 Bc5 5. e5 d5 6. Bd3 Ne4 7. Nbd2 Bf5 8. O-O O-O 9. Nb3 Bb6 10. Nbxd4 Bg4 11. c3 Nd7 12. Qc2 Ndc5 13. Be2 Re8 14. Bf4 f6 15. exf6 Qxf6 16. Bg3 h5 17. Rae1 Qh6 18. Nh4 Nd2 19. Nhf5 Bxf5 20. Nxf5 Qf6 21. Bxh5 Nxf1 22. Rxe8+ Rxe8 23. Bxe8 Nxg3 24. Nxg3 Qe7 25. Qe2 Qxe2 26. Nxe2 Nd3 27. Bd7 Nxf2 28. Kf1 Nd3 29. Be6+ Kf8 30. Bxd5 Nxb2 31. Bxb7 Ke7 32. g4 g5 33. Kg2 Nd3 34. Kf3 Kf6 35. Be4 Ne5+ 36. Kg3 Nc4 37. h3 a5 38. Bd3 Ne5 39. Bf5 Bc5 40. Kg2 a4 41. Ng3 Nf7 42. Ne4+ 1-0

[Event "Sparkassen-Open A"]
[Site "Heusenstamm, Martinsee"]
[Date "2023.11.24"]
[Round "3.111"]
[White "Peschel, Julia"]
[Black "Kuckel, Michael"]
[Result "1-0"]
[WhiteElo "1591"]
[BlackElo "1634"]
[PlyCount "99"]
[EventDate "2023.??.??"]
[WhiteTeam "Biebertaler SF"]
[BlackTeam "SC Matt im Park Ffm"]

1. e4 c6 2. c4 d5 3. exd5 cxd5 4. cxd5 Nf6 5. Nc3 Nxd5 6. Bc4 e6 7. Nf3 Nc6 8. O-O Be7 9. d4 O-O 10. Nxd5 exd5 11. Bb3 Bg4 12. Be3 Rc8 13. h3 Bh5 14. Rc1 Na5 15. Rxc8 Qxc8 16. Bd2 Nxb3 17. Qxb3 Bxf3 18. Qxf3 Qc4 19. a3 Qxd4 20. Bc3 Qe4 21. Qg3 Qg6 22. Qc7 Qd6 23. Qxb7 Bf6 24. Bb4 Qb8 25. Qxd5 Rd8 26. Qa2 Rc8 27. b3 Rc6 28. Re1 g6 29. Qe2 Re6 30. Qf3 Rxe1+ 31. Bxe1 Qe5 32. Bb4 Kg7 33. Qa8 Be7 34. Qb7 Bxb4 35. Qxb4 a5 36. Qc4 Qe1+ 37. Kh2 Qxf2 38. Qe4 Qb2 39. b4 axb4 40. axb4 h5 41. Qe7 Kg8 42. Qe8+ Kg7 43. b5 h4 44. Qb8 g5 45. b6 f5 46. b7 g4 47. hxg4 h3 48. Kxh3 fxg4+ 49. Kh2 g3+ 50. Qxg3+ 1-0

[Event "Sparkassen-Open A"]
[Site "Heusenstamm, Martinsee"]
[Date "2023.11.24"]
[Time "15:30:00"]
[Round "3.112"]
[PlyCount "57"]
[White "Bahlo, Jens"]
[Black "Scheerer, Amelie"]
[Result "1-0"]
[WhiteElo "1795"]
[BlackElo "1583"]
[WhiteTeam "SK 1858 Gießen"]
[BlackTeam "SV 1934 Ffm-Griesheim"]

1. e4 e5 2. Nf3 Nc6 3. c3 Nf6 4. d4 exd4 5. e5 Ne4 6. cxd4 d5 7. Nc3 Bb4 8. Bb5 Nxc3 9. Bxc6+ bxc6 10. Qb3 Nxa2+ 11. Bd2 c5 12. dxc5 Bxc5 13. Qb5+ Qd7 14. Qxc5 Qa4 15. Qxd5 Nc3 16. Bxc3 Qxa1+ 17. Kd2 Qxh1 18. Qc6+ Kd8 19. Ba5 Ke7 20. Qxc7+ Ke6 21. Nd4+ Kd5 22. Qd6+ Ke4 23. f3+ Kf4 24. Ne2+ Kg5 25. Qe7+ Kg6 26. Nf4+ Kf5 27. Qxf7+ Kxe5 28. Bc7+ Kd4 29. Qd5# 
1-0

[Event "Sparkassen-Open A"]
[Site "Heusenstamm, Martinsee"]
[Date "2023.11.24"]
[Round "3.113"]
[White "Mehlen, Theodor"]
[Black "Kanno, Clara Yumi"]
[Result "1/2-1/2"]
[WhiteElo "1808"]
[BlackElo "1388"]
[PlyCount "60"]
[EventDate "2023.??.??"]
[WhiteTeam "SC Matt im Park Ffm"]
[BlackTeam "SF Essen-Werden 1924/"]

1. e4 e6 2. d4 d5 3. Nc3 Nf6 4. exd5 exd5 5. Bd3 c6 6. Bf4 Bd6 7. Bg3 O-O 8. Nge2 Bg4 9. f3 Bh5 10. Qd2 Re8 11. O-O Qc7 12. Nf4 Nbd7 13. Nce2 h6 14. Rae1 Nf8 15. Kh1 Ng6 16. c3 Re7 17. Nxg6 Bxg6 18. Bxg6 fxg6 19. Nf4 g5 20. Rxe7 Qxe7 21. Ng6 Qc7 22. Bxd6 Qxd6 23. Ne5 Re8 24. Re1 Qe6 25. Kg1 Qf5 26. g4 Qf4 27. Qxf4 gxf4 28. h4 Nd7 29. Nd3 Rxe1+ 30. Nxe1 g5 1/2-1/2

[Event "Sparkassen-Open A"]
[Site "Heusenstamm, Martinsee"]
[Date "2023.11.24"]
[Round "3.114"]
[White "Peri, Jean-Christophe"]
[Black "Hebauf, Markus"]
[Result "1-0"]
[WhiteElo "1667"]
[BlackElo "1518"]
[PlyCount "61"]
[EventDate "2023.??.??"]
[WhiteTeam "SK Herborn 1946"]
[BlackTeam "Sfr.1932 Kelkheim"]

1. d4 d5 2. c4 e6 3. Nc3 Nf6 4. Nf3 c6 5. e3 Nbd7 6. Bd3 dxc4 7. Bxc4 Bb4 8. O-O Bxc3 9. bxc3 Ne4 10. Qc2 Ng5 11. Nxg5 Qxg5 12. e4 Qg6 13. f4 O-O 14. Bd3 f5 15. Ba3 Rf7 16. exf5 exf5 17. Bc4 b5 18. Bxf7+ Qxf7 19. Rae1 Nf6 20. Re7 Qg6 21. c4 Ba6 22. Re6 Rc8 23. Rfe1 Qg4 24. Rxf6 gxf6 25. Bc1 Rc7 26. cxb5 Bxb5 27. a4 Ba6 28. Qb3+ Kg7 29. Re3 Kh8 30. Re8+ Kg7 31. Rg8+ 1-0

[Event "Sparkassen-Open A"]
[Site "Heusenstamm, Martinsee"]
[Date "2023.11.24"]
[Round "3.115"]
[White "Marchese, Gaspare"]
[Black "Strache, Rolf"]
[Result "1-0"]
[WhiteElo "1787"]
[BlackElo "1557"]
[PlyCount "49"]
[EventDate "2023.??.??"]
[WhiteTeam "SC Matt im Park Ffm"]
[BlackTeam "SK Herborn 1946"]

1. e4 c5 2. Nf3 d6 3. d4 cxd4 4. Nxd4 Nf6 5. Nc3 g6 6. Be2 Bg7 7. Be3 Bd7 8. Qd2 Nc6 9. O-O O-O 10. Rad1 Re8 11. h3 Rc8 12. Kh1 h5 13. f4 e5 14. fxe5 Nxe5 15. Bg5 Nc4 16. Bxc4 Rxc4 17. Qf4 Qb6 18. Bxf6 Bxf6 19. Qxf6 Rf8 20. Nd5 Qa6 21. Nf5 Bxf5 22. Rxf5 Rxe4 23. Rxh5 gxh5 24. Qg5+ Kh8 25. Qh6+ 1-0

[Event "Sparkassen-Open A"]
[Site "Heusenstamm, Martinsee"]
[Date "2023.11.24"]
[Round "3.116"]
[White "Schellen, Sven"]
[Black "Hildebrandt, Paul"]
[Result "1-0"]
[WhiteElo "1785"]
[BlackElo "1479"]
[PlyCount "27"]
[EventDate "2023.??.??"]
[WhiteTeam "SV Frankfurt Nord 1926"]
[BlackTeam "Obertshausen"]

1. Nf3 d5 2. g3 Nc6 3. d4 Bf5 4. a3 e6 5. Bg2 Bd6 6. O-O Nf6 7. c4 O-O 8. Nc3 a6 9. Nh4 Ne7 10. c5 Bxc5 11. dxc5 b5 12. Bg5 Nd7 13. Nxf5 exf5 14. Nxd5 1-0

[Event "Sparkassen-Open A"]
[Site "Heusenstamm, Martinsee"]
[Date "2023.11.25"]
[Time "09:30:00"]
[Round "4.1"]
[PlyCount "28"]
[White "Haack, Kevin"]
[Black "Korneev, Oleg"]
[Result "1/2-1/2"]
[WhiteElo "2302"]
[BlackElo "2470"]
[WhiteTeam "SV 1920 Hofheim"]
[BlackTeam "TSV Schönaich"]

1. Nf3 d5 2. d4 Nf6 3. c4 c6 4. cxd5 cxd5 5. Nc3 Nc6 6. e3 Bf5 7. Ne5 Nd7 8.
Nxc6 bxc6 9. Bd3 Bxd3 10. Qxd3 e6 11. O-O Be7 12. b3 c5 13. Bb2 cxd4 14. Qxd4
Bf6 1/2-1/2

[Event "Sparkassen-Open A"]
[Site "Heusenstamm, Martinsee"]
[Date "2023.11.25"]
[Time "09:30:00"]
[Round "4.2"]
[PlyCount "75"]
[White "Poetsch, Hagen"]
[Black "Spriestersbach, Kai"]
[Result "1-0"]
[WhiteElo "2467"]
[BlackElo "2263"]
[WhiteTeam "SC Heusenstamm"]
[BlackTeam "SV Erkenschwick 1923 e"]

1. e4 c6 2. d4 d5 3. e5 Bf5 4. Nf3 e6 5. Be2 Ne7 6. O-O h6 7. Nbd2 Nd7 8. Nb3 g5
9. a4 Bg7 10. a5 Qc7 11. Bd2 f6 12. exf6 Bxf6 13. Bb4 a6 14. Re1 O-O-O 15. Nc5
g4 16. Ne5 Bxe5 17. dxe5 Nxc5 18. Bxc5 Rd7 19. Bb6 Qb8 20. Bxg4 Rg8 21. Ra4 h5
22. Bxh5 Ng6 23. Bxg6 Rxg6 24. Rh4 Rg8 25. f3 Rf7 26. c4 Kd7 27. Rh6 Qf8 28.
cxd5 cxd5 29. Qc1 Qc8 30. Qxc8+ Rxc8 31. g4 Bd3 32. Rf6 Rh7 33. Rd1 Be2 34. Rd2
Rc1+ 35. Kg2 Bd1 36. Be3 Ba4 37. Rxd5+ exd5 38. Bxc1 1-0

[Event "Sparkassen-Open A"]
[Site "Heusenstamm, Martinsee"]
[Date "2023.11.25"]
[Time "09:30:00"]
[Round "4.3"]
[PlyCount "94"]
[White "Klundt, Klaus"]
[Black "Krastev, Alexander"]
[Result "0-1"]
[WhiteElo "2280"]
[BlackElo "2440"]
[WhiteTeam "SC Heusenstamm"]
[BlackTeam "Biebertaler SF"]

1. e4 c5 2. Nf3 e6 3. d4 cxd4 4. Nxd4 Nf6 5. Nc3 d6 6. Be3 a6 7. Bc4 b5 8. Bb3
Bb7 9. f3 Nbd7 10. Qe2 Nc5 11. O-O-O Qc7 12. g4 Be7 13. g5 Nfd7 14. h4 g6 15. h5
O-O-O 16. Qh2 Rhf8 17. hxg6 hxg6 18. Qf2 Kb8 19. Rh7 Ne5 20. Kb1 Ka8 21. a4 b4
22. Na2 d5 23. exd5 Nxb3 24. Nxb3 Rxd5 25. Rxd5 Bxd5 26. Bf4 Nd3 27. Bxc7 Nxf2
28. Bb6 Nd3 29. cxd3 Bxb3 30. Ba5 e5 31. Nxb4 Rc8 32. Nxa6 Rc2 33. Bb4 Bxg5 34.
Rh1 Be3 35. Bc3 Rf2 36. Bxe5 Bc2+ 37. Ka1 Bxd3 38. Nc7+ Kb7 39. Nd5 Rxf3 40.
Nxe3 Rxe3 41. Bc3 Bc2 42. Rh4 f5 43. Ka2 g5 44. Rb4+ Ka6 45. Rc4 f4 46. a5 Be4
47. Rc5 f3 0-1